<?xml version="1.0" encoding="UTF-8"?>
<record
    xmlns:xsi="http://www.w3.org/2001/XMLSchema-instance"
    xsi:schemaLocation="http://www.loc.gov/MARC21/slim http://www.loc.gov/standards/marcxml/schema/MARC21slim.xsd"
    xmlns="http://www.loc.gov/MARC21/slim">

  <leader>02094nam a22002537a 4500</leader>
  <controlfield tag="005">20231003123646.0</controlfield>
  <controlfield tag="008">230929b           ||||| |||| 00| 0 eng d</controlfield>
  <datafield tag="020" ind1=" " ind2=" ">
    <subfield code="a">9789356380400</subfield>
  </datafield>
  <datafield tag="040" ind1=" " ind2=" ">
    <subfield code="c">AL</subfield>
  </datafield>
  <datafield tag="041" ind1=" " ind2=" ">
    <subfield code="a">hin</subfield>
  </datafield>
  <datafield tag="082" ind1=" " ind2=" ">
    <subfield code="2">23</subfield>
    <subfield code="a">H891.4</subfield>
    <subfield code="b">DODH</subfield>
  </datafield>
  <datafield tag="100" ind1=" " ind2=" ">
    <subfield code="a">N M Dodiya: &#x90F;&#x928;  &#x90F;&#x92E; &#x921;&#x94B;&#x921;&#x93F;&#x92F;&#x93E; </subfield>
    <subfield code="9">135885</subfield>
  </datafield>
  <datafield tag="245" ind1=" " ind2=" ">
    <subfield code="a">Hindi Sahitya Paryavaran Samskrati Evam Anusandhan: </subfield>
    <subfield code="b">&#x939;&#x93F;&#x928;&#x94D;&#x926;&#x940; &#x938;&#x93E;&#x939;&#x93F;&#x924;&#x94D;&#x92F; &#x92A;&#x930;&#x94D;&#x92F;&#x93E;&#x935;&#x930;&#x923; &#x938;&#x902;&#x938;&#x94D;&#x915;&#x943;&#x924;&#x93F; &#x90F;&#x935;&#x902; &#x905;&#x928;&#x941;&#x938;&#x902;&#x927;&#x93E;&#x928; Vol 4</subfield>
  </datafield>
  <datafield tag="260" ind1=" " ind2=" ">
    <subfield code="a">Jaipur</subfield>
    <subfield code="b">Mark Publishers</subfield>
    <subfield code="c">2023</subfield>
  </datafield>
  <datafield tag="300" ind1=" " ind2=" ">
    <subfield code="a">iv,255p.</subfield>
    <subfield code="b">HB</subfield>
    <subfield code="c">24x16cm.</subfield>
  </datafield>
  <datafield tag="365" ind1=" " ind2=" ">
    <subfield code="2">Hindi</subfield>
    <subfield code="a">1526A/P/2020</subfield>
    <subfield code="b">1260.00</subfield>
    <subfield code="c">&#x20B9;</subfield>
    <subfield code="d">1800.00</subfield>
    <subfield code="e">30%</subfield>
    <subfield code="f">11-09-2023</subfield>
  </datafield>
  <datafield tag="440" ind1=" " ind2=" ">
    <subfield code="n">Vol 4</subfield>
    <subfield code="9">135440</subfield>
  </datafield>
  <datafield tag="520" ind1=" " ind2=" ">
    <subfield code="a">&#x939;&#x93F;&#x902;&#x926;&#x940; &#x938;&#x93E;&#x939;&#x93F;&#x924;&#x94D;&#x92F; &#x92E;&#x947;&#x902; &#x936;&#x94B;&#x927; &#x915;&#x93E; &#x92E;&#x939;&#x924;&#x94D;&#x924;&#x94D;&#x935; 
&#x92A;&#x94D;&#x930;&#x915;&#x932;&#x94D;&#x92A;&#x928;&#x93E; &#x915;&#x947; &#x938;&#x94D;&#x930;&#x94B;&#x924; 
&#x905;&#x928;&#x941;&#x938;&#x928;&#x94D;&#x927;&#x93E;&#x928; &#x915;&#x940; &#x935;&#x93F;&#x927;&#x93F;&#x92F;&#x93E;&#x901; 
&#x928;&#x93F;&#x926;&#x930;&#x94D;&#x936;&#x928; 
&#x905;&#x928;&#x941;&#x938;&#x928;&#x94D;&#x927;&#x93E;&#x928; &#x92E;&#x947;&#x902; &#x935;&#x93E;&#x938;&#x94D;&#x924;&#x941;&#x928;&#x93F;&#x937;&#x94D;&#x920;&#x924;&#x93E; 
&#x905;&#x928;&#x941;&#x938;&#x928;&#x94D;&#x927;&#x93E;&#x928; &#x915;&#x940; &#x905;&#x935;&#x927;&#x93E;&#x930;&#x923;&#x93E;&#x90F;&#x901; 
&#x905;&#x928;&#x941;&#x938;&#x928;&#x94D;&#x927;&#x93E;&#x928; &#x905;&#x92D;&#x93F;&#x915;&#x932;&#x94D;&#x92A; 
&#x938;&#x92E;&#x938;&#x94D;&#x92F;&#x93E; 
&#x92A;&#x930;&#x93F;&#x915;&#x932;&#x94D;&#x92A;&#x928;&#x93E; 
&#x938;&#x93E;&#x915;&#x94D;&#x937;&#x93E;&#x924;&#x94D;&#x915;&#x93E;&#x930; 
&#x92A;&#x94D;&#x930;&#x936;&#x928;&#x93E;&#x935;&#x932;&#x940; 
&#x905;&#x928;&#x941;&#x938;&#x942;&#x91A;&#x940; 
&#x92A;&#x94D;&#x930;&#x92F;&#x94B;&#x917;&#x93E;&#x924;&#x94D;&#x92E;&#x915; &#x905;&#x92D;&#x93F;&#x915;&#x932;&#x94D;&#x92A; 
&#x905;&#x928;&#x94D;&#x935;&#x947;&#x937;&#x923;&#x93E;&#x924;&#x94D;&#x92E;&#x915; &#x905;&#x928;&#x941;&#x938;&#x928;&#x94D;&#x927;&#x93E;&#x928; &#x905;&#x92D;&#x93F;&#x915;&#x932;&#x94D;&#x92A; 
&#x906;&#x902;&#x915;&#x921;&#x93C;&#x947; 
&#x938;&#x93E;&#x902;&#x916;&#x94D;&#x92F;&#x93F;&#x915;&#x940; 
&#x938;&#x93E;&#x930;&#x923;&#x940;&#x92F;&#x928; 
&#x939;&#x93F;&#x902;&#x926;&#x940; &#x936;&#x94B;&#x927; &#x915;&#x93E;&#x930;&#x94D;&#x92F; &#x92E;&#x947;&#x902; &#x915;&#x92E;&#x94D;&#x92A;&#x94D;&#x92F;&#x942;&#x91F;&#x930; &#x915;&#x93E; &#x92A;&#x94D;&#x930;&#x92F;&#x94B;&#x917; 
&#x939;&#x93F;&#x902;&#x926;&#x940; &#x938;&#x939;&#x93F;&#x924;&#x92F; &#x915;&#x947; &#x936;&#x94B;&#x927; &#x92E;&#x947;&#x902; &#x907;&#x902;&#x91F;&#x930;&#x928;&#x947;&#x91F; &#x915;&#x93E; &#x92A;&#x94D;&#x930;&#x92F;&#x94B;&#x917;  
</subfield>
  </datafield>
  <datafield tag="650" ind1=" " ind2=" ">
    <subfield code="a">Hindi Prose: &#x939;&#x93F;&#x902;&#x926;&#x940; &#x917;&#x927;&#x94D;&#x92F; </subfield>
    <subfield code="9">135516</subfield>
  </datafield>
  <datafield tag="650" ind1=" " ind2=" ">
    <subfield code="a">Anveshanatmak Anusandhan Abhikalp: &#x905;&#x928;&#x94D;&#x935;&#x947;&#x937;&#x923;&#x93E;&#x924;&#x94D;&#x92E;&#x915; &#x905;&#x928;&#x941;&#x938;&#x928;&#x94D;&#x927;&#x93E;&#x928; &#x905;&#x92D;&#x93F;&#x915;&#x932;&#x94D;&#x92A; </subfield>
    <subfield code="9">135517</subfield>
  </datafield>
  <datafield tag="650" ind1=" " ind2=" ">
    <subfield code="a">sarniyan: &#x938;&#x93E;&#x930;&#x923;&#x940;&#x92F;&#x928; </subfield>
    <subfield code="9">135518</subfield>
  </datafield>
  <datafield tag="700" ind1=" " ind2=" ">
    <subfield code="a">DODIYA (N M): &#x921;&#x94B;&#x921;&#x93F;&#x92F;&#x93E; (&#x90F;&#x928;  &#x90F;&#x92E;)</subfield>
    <subfield code="9">135445</subfield>
  </datafield>
  <datafield tag="942" ind1=" " ind2=" ">
    <subfield code="2">ddc</subfield>
    <subfield code="c">BK</subfield>
  </datafield>
  <datafield tag="999" ind1=" " ind2=" ">
    <subfield code="c">228901</subfield>
    <subfield code="d">228901</subfield>
  </datafield>
  <datafield tag="952" ind1=" " ind2=" ">
    <subfield code="0">0</subfield>
    <subfield code="1">0</subfield>
    <subfield code="2">ddc</subfield>
    <subfield code="4">0</subfield>
    <subfield code="7">3</subfield>
    <subfield code="8">HIN</subfield>
    <subfield code="a">AL</subfield>
    <subfield code="b">AL</subfield>
    <subfield code="d">2023-09-27</subfield>
    <subfield code="e">Alka Prakashan, Kanpur-208007</subfield>
    <subfield code="g">1260.00</subfield>
    <subfield code="l">0</subfield>
    <subfield code="o">H891.4 DODH</subfield>
    <subfield code="p">076831</subfield>
    <subfield code="r">2023-09-29 00:00:00</subfield>
    <subfield code="v">1800.00</subfield>
    <subfield code="w">2023-09-29</subfield>
    <subfield code="y">BK</subfield>
  </datafield>
</record>
